00294nam a2200121Ia 4500008004100000100002700041245001700068260003200085300000900117650002200126942000700148999001700155190216s9999||||xx |||||||||||||| ||und|| aEdasseri Govindan Nair 0aKoottukrishi bPoorna Pubs Kozhikodec1950 a120p aMalayalam Nadakam cBK c27598d27598